[Event "TUR-ch (Women)"]
[Site "Gaziantep"]
[Date "2024.03.08"]
[Round "8"]
[White "Gonultas, Bakriya Anastasya"]
[Black "Seker, Bilgesu"]
[Result "0-1"]
[WhiteElo "1593"]
[BlackElo "1930"]
[PlyCount "50"]
[EventDate "2024.03.03"]
[EventType "swiss"]
[EventRounds "9"]
[EventCountry "TUR"]
[SourceTitle "CB11_2024"]
[SourceDate "2024.03.13"]
[SourceVersion "1"]
[SourceVersionDate "2024.03.13"]
[SourceQuality "1"]

1. e4 c5 2. Nf3 e6 3. c4 Nc6 4. Nc3 Nf6 5. d4 cxd4 6. Nxd4 Qc7 7. Ndb5 Qb8 8. f4 a6 9. Nd4 Bb4 10. e5 Ne4 11. Qd3 d5 12. Nc2 Ba5 13. a3 Nxc3 14. bxc3 0-0 15. Nb4 dxc4 16. Qxc4 Bd7 17. Bd3 Rd8 18. 0-0 Nxb4 19. Bxh7+ Kxh7 20. Qe4+ Kg8 21. axb4 Bb6+ 22. Kh1 Bb5 23. Be3 Bc6 24. Qc2 Bxe3 25. f5 Rd2 0-1

[Event "TUR-ch (Women)"]
[Site "Gaziantep"]
[Date "2024.03.07"]
[Round "7"]
[White "Karabas, Beren Nisa"]
[Black "Seker, Bilgesu"]
[Result "0-1"]
[WhiteElo "1517"]
[BlackElo "1930"]
[PlyCount "60"]
[EventDate "2024.03.03"]
[EventType "swiss"]
[EventRounds "9"]
[EventCountry "TUR"]
[SourceTitle "CB11_2024"]
[SourceDate "2024.03.13"]
[SourceVersion "1"]
[SourceVersionDate "2024.03.13"]
[SourceQuality "1"]

1. e4 c5 2. Nc3 Nc6 3. Nge2 g6 4. g3 Bg7 5. Bg2 d6 6. 0-0 Rb8 7. d3 b5 8. f4 Qd7 9. h3 b4 10. Nd5 e6 11. Ne3 f5 12. g4 fxg4 13. hxg4 Nge7 14. g5 h5 15. gxh6 Rxh6 16. Qe1 Kd8 17. Qg3 Nd4 18. Nxd4 Bxd4 19. Bh3 Kc7 20. Kg2 Bb7 21. a3 Rbh8 22. Rh1 Nf5 23. Qe1 Qh7 24. Bd2 Rxh3 25. Nd5+ Bxd5 26. axb4 Rh2+ 27. Rxh2 Qxh2+ 28. Kf3 Rh3+ 29. Kg4 Qg2+ 30. Qg3 Qxg3# 0-1

[Event "TUR-ch (Women)"]
[Site "Gaziantep"]
[Date "2024.03.04"]
[Round "2"]
[White "Dincer, Cagla"]
[Black "Seker, Bilgesu"]
[Result "1-0"]
[WhiteElo "1613"]
[BlackElo "1930"]
[PlyCount "85"]
[EventDate "2024.03.03"]
[EventType "swiss"]
[EventRounds "9"]
[EventCountry "TUR"]
[SourceTitle "CB11_2024"]
[SourceDate "2024.03.13"]
[SourceVersion "1"]
[SourceVersionDate "2024.03.13"]
[SourceQuality "1"]

1. e4 c5 2. Nc3 a6 3. a4 Nc6 4. d3 g6 5. g3 Bg7 6. Bg2 d6 7. f4 e6 8. Nf3 Nge7 9. 0-0 0-0 10. Qe1 Nb4 11. Qf2 Nec6 12. Kh1 Bd7 13. g4 f5 14. g5 e5 15. fxe5 Nxe5 16. exf5 Rxf5 17. Qe2 Bc6 18. Ne4 Qf8 19. Nxe5 Rxf1+ 20. Bxf1 Bxe5 21. Bg2 Qe7 22. c3 Nd5 23. Bd2 Rf8 24. Re1 Bg7 25. Qg4 Qd7 26. Qxd7 Bxd7 27. Nxd6 Bc6 28. Kg1 Rd8 29. Ne4 c4 30. d4 Bxa4 31. Nc5 Bc6 32. Bf1 Nb6 33. Bf4 Rd5 34. Bg2 Rf5 35. Bxc6 bxc6 36. Bc1 a5 37. Re6 Nd5 38. Rxc6 Nf4 39. Bxf4 Rxf4 40. Ne6 Rf7 41. Rxc4 Re7 42. Rc8+ Kf7 43. Nd8+ 1-0

[Event "TUR-ch (Women)"]
[Site "Gaziantep"]
[Date "2024.03.03"]
[Round "1"]
[White "Seker, Bilgesu"]
[Black "Mutafoglu, Sare"]
[Result "1-0"]
[WhiteElo "1930"]
[BlackElo "1482"]
[PlyCount "34"]
[EventDate "2024.03.03"]
[EventType "swiss"]
[EventRounds "9"]
[EventCountry "TUR"]
[SourceTitle "CB11_2024"]
[SourceDate "2024.03.13"]
[SourceVersion "1"]
[SourceVersionDate "2024.03.13"]
[SourceQuality "1"]

1. e4 c5 2. Nf3 Nc6 3. d4 cxd4 4. Nxd4 e6 5. Nc3 Nf6 6. a3 a6 7. Nxc6 bxc6 8. e5 Nd5 9. Ne4 Qc7 10. f4 Be7 11. c4 Nb6 12. Nd6+ Bxd6 13. exd6 Qa7 14. Be3 a5 15. Qd4 Rb8 16. Qxg7 Rf8 17. Qf6 Nd5 1-0

[Event "EU-ch U18 Girls 31st"]
[Site "Mamaia"]
[Date "2023.09.09"]
[Round "5"]
[White "Trifoi, Mihaela Ioana"]
[Black "Seker, Bilgesu"]
[Result "1-0"]
[WhiteElo "1988"]
[BlackElo "1802"]
[PlyCount "83"]
[EventDate "2023.09.05"]
[EventType "swiss"]
[EventRounds "9"]
[EventCountry "ROU"]
[SourceTitle "EXT 2024"]
[Source "ChessBase"]
[SourceDate "2023.10.10"]
[SourceVersion "1"]
[SourceVersionDate "2023.10.10"]
[SourceQuality "1"]

1. e4 c5 2. Nf3 e6 3. c3 Nf6 4. e5 Nd5 5. d4 cxd4 6. cxd4 d6 7. a3 Bd7 8. Bd3 Bc6 9. 0-0 Nd7 10. Re1 Be7 11. Nc3 Nxc3 12. bxc3 dxe5 13. dxe5 Nc5 14. Re3 Nxd3 15. Rxd3 Qc7 16. Bf4 Bb5 17. Re3 Rd8 18. Nd4 g5 19. Bg3 h5 20. h3 Bc6 21. Qe2 Rxd4 22. cxd4 Qd7 23. Rd1 Qd5 24. f3 Bd8 25. Rc3 Bb6 26. Qc4 Qd7 27. Bf2 Rg8 28. d5 exd5 29. Qd3 Bxf2+ 30. Kxf2 g4 31. Qh7 g3+ 32. Kg1 Kf8 33. Qxh5 Qc7 34. Qh6+ Ke8 35. Qe3 Rg6 36. Rxd5 Qb8 37. Rd6 a6 38. Rcd3 Re6 39. Qg5 Qa7+ 40. Kh1 Rxd6 41. exd6 Kf8 42. d7 1-0

[Event "EU-ch U18 Girls 30th"]
[Site "Antalya"]
[Date "2022.11.11"]
[Round "6"]
[White "Pipiras, Filipa Fortuna"]
[Black "Seker, Bilgesu"]
[Result "0-1"]
[WhiteElo "2149"]
[BlackElo "1678"]
[PlyCount "50"]
[EventDate "2022.11.06"]
[EventType "swiss"]
[EventRounds "9"]
[EventCountry "TUR"]
[SourceTitle "EXT 2024"]
[Source "ChessBase"]
[SourceDate "2023.10.10"]
[SourceVersion "1"]
[SourceVersionDate "2023.10.10"]
[SourceQuality "1"]

1. d4 Nf6 2. c4 d6 3. Nf3 g6 4. g3 Bg7 5. Bg2 c6 6. Nc3 0-0 7. 0-0 Bf5 8. Nh4 Be6 9. d5 cxd5 10. cxd5 Bd7 11. Be3 Na6 12. h3 Nc7 13. Rc1 b5 14. b4 Qb8 15. a3 a5 16. Nf3 axb4 17. axb4 Na6 18. Qb3 Rc8 19. Nd2 Rc7 20. Kh2 Qc8 21. Bb6 Rxc3 22. Rxc3 Qxc3 23. Qxc3 Ng4+ 24. hxg4 Bxc3 25. Nb3 Bxb4 0-1

[Event "EU-ch Schools U17 Girls"]
[Site "Rhodes"]
[Date "2022.04.29"]
[Round "9"]
[White "Chuchukova, Stefani"]
[Black "Seker, Bilgesu"]
[Result "0-1"]
[WhiteElo "1711"]
[BlackElo "1691"]
[PlyCount "166"]
[EventDate "2022.04.21"]
[EventType "swiss"]
[EventRounds "9"]
[EventCountry "GRE"]
[SourceTitle "CBM 208 Extra"]
[Source "ChessBase"]
[SourceDate "2022.07.31"]
[SourceVersion "1"]
[SourceVersionDate "2022.07.31"]
[SourceQuality "1"]

1. d4 Nf6 2. Bg5 d5 3. Bxf6 gxf6 4. e3 c5 5. c3 Nc6 6. Nf3 e5 7. Bb5 cxd4 8. exd4 Rg8 9. dxe5 Rxg2 10. Qe2 Be6 11. Nd4 Rc8 12. Nxe6 fxe6 13. Qh5+ Kd7 14. Qxh7+ Rg7 15. Qh5 fxe5 16. Qxe5 Rg5 17. Qf4 Rf5 18. Qa4 Bc5 19. Rf1 Qf6 20. f3 Rxf3 21. Rxf3 Qxf3 22. Nd2 Bf2+ 23. Kf1 Qh1+ 24. Kxf2 Qxa1 25. Qxa7 Rc7 26. Qa3 Kc8 27. Ke2 Qg1 28. Qd6 Qg4+ 29. Ke1 Qh4+ 30. Kd1 Qh5+ 31. Be2 Qf5 32. Qg3 Ne5 33. Qg8+ Kd7 34. Bb5+ Nc6 35. Qg3 e5 36. Qg7+ Kd6 37. Qh6+ Qe6 38. Qf8+ Qe7 39. Qh6+ Qe6 40. Qf8+ Re7 41. b4 e4 42. Nb3 Qg4+ 43. Kc2 Qg2+ 44. Kb1 Qg1+ 45. Kb2 Qxh2+ 46. Ka3 Qe5 47. Bxc6 Kxc6 48. Nd4+ Kb6 49. Qa8 Kc7 50. Nb5+ Kd7 51. Qxb7+ Ke8 52. Qc8+ Kf7 53. Qg4 e3 54. Qe2 Rb7 55. Nd4 Ra7+ 56. Kb3 Qe4 57. Kb2 Kg8 58. Nc2 Re7 59. a4 Qc4 60. Qxc4 dxc4 61. Kc1 Kf7 62. Kd1 e2+ 63. Ke1 Ke8 64. Nd4 Re3 65. Nxe2 Rd3 66. a5 Kd7 67. b5 Kd6 68. b6 Kc6 69. Nd4+ Kb7 70. Ke2 Rxc3 71. Nb5 Rd3 72. Nc7 Rd7 73. Nb5 Ka6 74. b7 Kxb7 75. Na3 c3 76. Ke1 Ka6 77. Nc2 Kxa5 78. Kf1 Ka4 79. Ke1 Kb3 80. Ne3 Re7 81. Kf2 Rxe3 82. Kxe3 c2 83. Kd2 Kb2 0-1

[Event "EU-ch Schools U17 Girls"]
[Site "Rhodes"]
[Date "2022.04.21"]
[Round "1"]
[White "Cengel, Edibe Eylul"]
[Black "Seker, Bilgesu"]
[Result "1/2-1/2"]
[WhiteElo "1544"]
[BlackElo "1691"]
[PlyCount "46"]
[EventDate "2022.04.21"]
[EventType "swiss"]
[EventRounds "9"]
[EventCountry "GRE"]
[SourceTitle "CBM 208 Extra"]
[Source "ChessBase"]
[SourceDate "2022.07.31"]
[SourceVersion "1"]
[SourceVersionDate "2022.07.31"]
[SourceQuality "1"]

1. e4 c5 2. Nf3 Nc6 3. Bb5 Nf6 4. Qe2 g6 5. 0-0 Bg7 6. c3 a6 7. Ba4 b5 8. Bc2 e5 9. d4 d6 10. dxc5 dxc5 11. a4 Rb8 12. Be3 Qe7 13. axb5 axb5 14. Nbd2 0-0 15. Nb3 Nd7 16. Rfd1 c4 17. Na5 Nxa5 18. Rxa5 Nf6 19. h3 Rd8 20. Ra7 Bb7 21. Rxd8+ Rxd8 22. Nxe5 Qxe5 23. Rxb7 Nh5 1/2-1/2

[Event "TUR-chT Clubs"]
[Site "Konya"]
[Date "2019.07.20"]
[Round "7.15"]
[White "Dinler, Oral"]
[Black "Seker, Bilgesu"]
[Result "1/2-1/2"]
[WhiteElo "1644"]
[BlackElo "1273"]
[PlyCount "145"]
[EventDate "2019.07.16"]
[EventType "team-swiss"]
[EventRounds "9"]
[EventCountry "TUR"]
[SourceTitle "CBM 191 Extra"]
[Source "ChessBase"]
[SourceDate "2019.09.30"]
[SourceVersion "1"]
[SourceVersionDate "2019.09.30"]
[SourceQuality "1"]
[WhiteTeam "Sinop Kultur"]
[BlackTeam "Mugla Buyuksehir"]
[WhiteTeamCountry "TUR"]
[BlackTeamCountry "TUR"]

1. d4 Nf6 2. Bf4 e6 3. e3 b6 4. Nf3 Bb7 5. a3 d5 6. Nc3 Bd6 7. Ne5 a6 8. Bg3 Nbd7 9. f4 c5 10. Be2 Qc7 11. 0-0 0-0 12. Bf3 Ne4 13. Nxe4 dxe4 14. Nxd7 Qxd7 15. Be2 Rfd8 16. c3 Rac8 17. Qd2 Be7 18. Rfd1 b5 19. Qe1 cxd4 20. Rxd4 Qc6 21. Rxd8+ Rxd8 22. Rd1 Rd5 23. Rd2 Bc5 24. Bf2 Qb6 25. Bd1 h6 26. Bc2 Rxd2 27. Qxd2 Qd6 28. Qxd6 Bxd6 29. Kf1 Bd5 30. Ke1 Bc5 31. Kd2 Kf8 32. a4 Ke7 33. axb5 axb5 34. Bd1 f5 35. Be2 Bc6 36. c4 b4 37. Bh5 Kd6 38. b3 e5 39. g3 exf4 40. gxf4 Ke6 41. Bh4 Kd6 42. Bf7 Kd7 43. Ke2 Kd6 44. Kf2 Kd7 45. Bg6 Ke6 46. Bd8 Kd7 47. Ba5 Ke6 48. Bc7 Kf6 49. Bh5 g6 50. Be5+ Kf7 51. Bd1 g5 52. Bh5+ Kf8 53. h3 Be7 54. Bg6 Bd7 55. Bd4 gxf4 56. exf4 Bh4+ 57. Ke3 Be7 58. Bh5 Be6 59. Bd1 Bf7 60. Be5 Bc5+ 61. Bd4 Be7 62. Be2 Ke8 63. Kd2 Kd7 64. Kc2 Kc6 65. Bg7 h5 66. Bd4 Bd6 67. Be3 Bc5 68. Kd2 Bxe3+ 69. Kxe3 Kc5 70. Bd1 h4 71. Bc2 Be8 72. Bd1 Bf7 73. Bc2 1/2-1/2

[Event "TUR-chT Clubs"]
[Site "Konya"]
[Date "2019.07.17"]
[Round "2.20"]
[White "Seker, Bilgesu"]
[Black "Okeer, Esat"]
[Result "1/2-1/2"]
[WhiteElo "1273"]
[BlackElo "1381"]
[PlyCount "61"]
[EventDate "2019.07.16"]
[EventType "team-swiss"]
[EventRounds "9"]
[EventCountry "TUR"]
[SourceTitle "CBM 191 Extra"]
[Source "ChessBase"]
[SourceDate "2019.09.30"]
[SourceVersion "1"]
[SourceVersionDate "2019.09.30"]
[SourceQuality "1"]
[WhiteTeam "Mugla Buyuksehir"]
[BlackTeam "Avanos Genclik"]
[WhiteTeamCountry "TUR"]
[BlackTeamCountry "TUR"]

1. d4 Nf6 2. Nf3 d5 3. c4 Bf5 4. Nc3 e6 5. Bg5 Bb4 6. Qa4+ Nc6 7. Ne5 0-0 8. Nxc6 Bxc3+ 9. bxc3 bxc6 10. e3 Qb8 11. Qa3 Ne4 12. Be7 Re8 13. Bc5 Nxc5 14. dxc5 Qb7 15. cxd5 cxd5 16. Ba6 Qb8 17. 0-0 c6 18. c4 Qc7 19. Rac1 Rad8 20. Rfd1 h6 21. cxd5 Rxd5 22. Rxd5 exd5 23. h3 Rb8 24. Qc3 Re8 25. Bd3 Bxd3 26. Qxd3 Qa5 27. Qb3 d4 28. exd4 Re1+ 29. Rxe1 Qxe1+ 30. Kh2 Qxf2 31. Qa4 1/2-1/2

[Event "TUR-chT Clubs"]
[Site "Konya"]
[Date "2019.07.16"]
[Round "1.5"]
[White "Kara, Ali Barkin"]
[Black "Seker, Bilgesu"]
[Result "1-0"]
[WhiteElo "1749"]
[BlackElo "1273"]
[PlyCount "57"]
[EventDate "2019.07.16"]
[EventType "team-swiss"]
[EventRounds "9"]
[EventCountry "TUR"]
[SourceTitle "CBM 191 Extra"]
[Source "ChessBase"]
[SourceDate "2019.09.30"]
[SourceVersion "1"]
[SourceVersionDate "2019.09.30"]
[SourceQuality "1"]
[WhiteTeam "Goztepe Dernegi"]
[BlackTeam "Mugla Buyuksehir"]
[WhiteTeamCountry "TUR"]
[BlackTeamCountry "TUR"]

1. e4 c5 2. Nf3 e6 3. b3 Nc6 4. Bb2 Nf6 5. e5 Nd5 6. c4 Nc7 7. g3 b6 8. Bg2 Bb7 9. 0-0 Be7 10. d4 cxd4 11. Nxd4 0-0 12. Nd2 Rb8 13. Nc2 Ne8 14. f4 d6 15. exd6 Nxd6 16. Nf3 Qc7 17. Qe2 Rfd8 18. Kh1 Ne8 19. Rae1 Rd7 20. Ne3 Nf6 21. g4 g6 22. Ba1 Ne8 23. g5 Bf8 24. Ng4 Bg7 25. Bxg7 Kxg7 26. Qb2+ Kf8 27. Qh8+ Ke7 28. Nf6 Nd6 29. Nd5# 1-0